[Event "GER-chT U16"]
[Site "Darmstadt"]
[Date "2022.12.29"]
[Round "6"]
[White "Bade, Deniz"]
[Black "Roemer, Alois"]
[Result "1/2-1/2"]
[WhiteElo "1438"]
[BlackElo "1692"]
[PlyCount "102"]
[EventDate "2022.12.26"]
[EventType "team-swiss"]
[EventRounds "7"]
[EventCountry "GER"]
[SourceTitle "CBM 212 Extra"]
[Source "ChessBase"]
[SourceDate "2023.03.31"]
[SourceVersion "1"]
[SourceVersionDate "2023.03.31"]
[SourceQuality "1"]
[WhiteTeam "Paderborn Akademie"]
[BlackTeam "Brackel"]
[WhiteTeamCountry "GER"]
[BlackTeamCountry "GER"]

1. d4 d5 2. c4 e6 3. Nf3 Nf6 4. g3 dxc4 5. Bg2 a6 6. 0-0 Be7 7. Qc2 0-0 8. a4 Nc6 9. Qxc4 Nd5 10. Rd1 Qd6 11. e4 Na5 12. Qe2 Nb4 13. Bf4 Qb6 14. Nbd2 c5 15. Rdc1 Nbc6 16. dxc5 Bxc5 17. Nc4 Nxc4 18. Rxc4 Bd7 19. Rac1 Bb4 20. Be3 Qa5 21. b3 e5 22. Ne1 Be6 23. Rxc6 bxc6 24. Nd3 Rfc8 25. Bc5 Bxc5 26. Nxc5 Re8 27. Qc2 Qb6 28. Nxe6 Rxe6 29. Bf1 Rd6 30. Rd1 Rad8 31. Rxd6 Rxd6 32. Bc4 Qd4 33. Bxa6 Qd1+ 34. Qxd1 Rxd1+ 35. Kg2 c5 36. Bc4 Kf8 37. h4 Ke7 38. a5 Ra1 39. a6 Kd6 40. Kf3 f6 41. Ke3 Kc7 42. h5 h6 43. f3 Rh1 44. g4 Kb6 45. Kd3 Rc1 46. Kd2 Ra1 47. Kc2 Ra2+ 48. Kd3 Rg2 49. Ke3 Rg1 50. Ke2 Rc1 51. Kd2 Ra1 1/2-1/2

[Event "GER-chT U14"]
[Site "Willingen"]
[Date "2022.08.15"]
[Round "6.10"]
[White "Apel, Linus"]
[Black "Bade, Deniz"]
[Result "1/2-1/2"]
[WhiteElo "1488"]
[BlackElo "1462"]
[PlyCount "56"]
[EventDate "2022.08.13"]
[EventType "team-swiss"]
[EventRounds "7"]
[EventCountry "GER"]
[SourceTitle "EXT 2023"]
[Source "ChessBase"]
[SourceDate "2022.10.05"]
[SourceVersion "1"]
[SourceVersionDate "2022.10.05"]
[SourceQuality "1"]
[WhiteTeam "Erfurt USV"]
[BlackTeam "Paderborn"]
[WhiteTeamCountry "GER"]
[BlackTeamCountry "GER"]

1. e4 c5 2. Nf3 Nc6 3. d4 cxd4 4. Nxd4 Nf6 5. Nc3 e5 6. Ndb5 d6 7. Bg5 a6 8. Na3 b5 9. Nd5 Be7 10. Bxf6 Bxf6 11. c3 0-0 12. Be2 Bg5 13. 0-0 Rb8 14. Nc2 Kh8 15. Nce3 Ne7 16. Nxe7 Qxe7 17. Nd5 Qb7 18. f4 exf4 19. Qd4 Re8 20. Bd3 Be6 21. Nxf4 Qb6 22. Qxb6 Rxb6 23. Nxe6 fxe6 24. Rf7 Kg8 25. Rf3 Rc8 26. Raf1 Bf6 27. Rb1 a5 28. g3 b4 1/2-1/2

[Event "GER-chT U14"]
[Site "Willingen"]
[Date "2022.08.13"]
[Round "2.5"]
[White "Bade, Deniz"]
[Black "Aravindan, Midhulan"]
[Result "0-1"]
[WhiteElo "1462"]
[BlackElo "1642"]
[PlyCount "76"]
[EventDate "2022.08.13"]
[EventType "team-swiss"]
[EventRounds "7"]
[EventCountry "GER"]
[SourceTitle "EXT 2023"]
[Source "ChessBase"]
[SourceDate "2022.10.05"]
[SourceVersion "1"]
[SourceVersionDate "2022.10.05"]
[SourceQuality "1"]
[WhiteTeam "Paderborn"]
[BlackTeam "Porz SG"]
[WhiteTeamCountry "GER"]
[BlackTeamCountry "GER"]

1. e4 e6 2. d4 d5 3. e5 c5 4. c3 Qb6 5. Nf3 Nc6 6. Bd3 Bd7 7. dxc5 Bxc5 8. 0-0 Nge7 9. b4 Nxb4 10. cxb4 Bd4 11. Nxd4 Qxd4 12. Qb3 Qxe5 13. Bb2 Qg5 14. Na3 Ng6 15. Bb5 Bxb5 16. Nxb5 0-0 17. Qe3 Qg4 18. a3 Rac8 19. h3 Qh5 20. Rac1 e5 21. Nd6 Rc6 22. Rxc6 bxc6 23. Rc1 Nf4 24. Rxc6 Qd1+ 25. Kh2 Qf1 26. Qf3 Ne2 27. h4 Qg1+ 28. Kh3 Qh1+ 29. Kg4 h5+ 30. Kg5 f6+ 31. Kf5 Qb1+ 32. Ke6 Nf4+ 33. Ke7 Qxb2 34. g3 Ng6+ 35. Kd7 e4 36. Qxh5 Ne5+ 37. Ke6 Nxc6 38. Kd7 Qe5 0-1

[Event "GER-chT U14"]
[Site "Willingen"]
[Date "2022.08.13"]
[Round "1.8"]
[White "Isbilir, Levin"]
[Black "Bade, Deniz"]
[Result "1-0"]
[WhiteElo "1629"]
[BlackElo "1462"]
[PlyCount "79"]
[EventDate "2022.08.13"]
[EventType "team-swiss"]
[EventRounds "7"]
[EventCountry "GER"]
[SourceTitle "EXT 2023"]
[Source "ChessBase"]
[SourceDate "2022.10.05"]
[SourceVersion "1"]
[SourceVersionDate "2022.10.05"]
[SourceQuality "1"]
[WhiteTeam "Erlangen"]
[BlackTeam "Paderborn"]
[WhiteTeamCountry "GER"]
[BlackTeamCountry "GER"]

1. e4 c5 2. Nf3 Nc6 3. d4 cxd4 4. Nxd4 Nf6 5. Nc3 e5 6. Ndb5 d6 7. Nd5 Nxd5 8. exd5 Nb8 9. c4 Be7 10. Bd3 0-0 11. 0-0 a6 12. Nc3 f5 13. Re1 e4 14. Bc2 Qc7 15. f3 exf3 16. Qxf3 Bf6 17. Bb3 Nd7 18. Be3 Bxc3 19. bxc3 Ne5 20. Qg3 Nxc4 21. Bxc4 Qxc4 22. Qxd6 Rf6 23. Qc5 Qxc5 24. Bxc5 b6 25. Re8+ Kf7 26. Rf8+ Kg6 27. Rxf6+ Kxf6 28. Bxb6 Bb7 29. Rd1 Ke7 30. c4 a5 31. c5 Ra6 32. Bc7 Kd7 33. Be5 Ra8 34. c6+ Bxc6 35. dxc6+ Kxc6 36. Bxg7 Rb8 37. Kf2 Rb7 38. Bc3 a4 39. a3 Rb3 40. Bb4 1-0

[Event "DSOL 08 Liga Gr-A 1st"]
[Site "Playchess.com INT"]
[Date "2020.08.12"]
[Round "2.1"]
[White "Bade, Deniz"]
[Black "Heilmann, Jonathan"]
[Result "1-0"]
[WhiteElo "1486"]
[BlackElo "1077"]
[PlyCount "81"]
[EventDate "2020.06.22"]
[EventType "team-tourn (rapid)"]
[EventCountry "GER"]
[SourceTitle "EXT 2021"]
[Source "ChessBase"]
[SourceDate "2020.10.23"]
[SourceVersion "1"]
[SourceVersionDate "2020.10.23"]
[SourceQuality "1"]
[WhiteTeam "Paderborn Akademie II"]
[BlackTeam "Alzenau Koenigsspringer III"]
[WhiteTeamCountry "GER"]
[BlackTeamCountry "GER"]

1. e4 e5 2. d4 d6 3. dxe5 dxe5 4. Qxd8+ Kxd8 5. Nf3 Nc6 6. Bb5 f6 7. 0-0 Bc5 8. Bd2 Nge7 9. Rd1 Ke8 10. Nc3 Bg4 11. Bxc6+ Nxc6 12. Nd5 Rc8 13. b4 Bd4 14. c3 Bb6 15. a4 a6 16. Nxb6 cxb6 17. Be3 b5 18. axb5 axb5 19. Bb6 Kf7 20. Rd3 Ra8 21. Rad1 Ra6 22. Bc5 Rd8 23. h3 Rxd3 24. Rxd3 Be6 25. Nd2 Ne7 26. Rd6 Ra3 27. Rb6 Rb3 28. Rxb7 Rxc3 29. Rxe7+ Kg6 30. Rxe6 Rc1+ 31. Kh2 Rc2 32. Nf3 Rc4 33. Rb6 Rxe4 34. Rxb5 h5 35. Rb7 Rf4 36. b5 Rc4 37. Ba7 Rb4 38. b6 Kf5 39. Rc7 Ke6 40. b7 Rxb7 41. Rxb7 1-0

[Event "DSOL 08 Liga Gr-A 1st"]
[Site "Playchess.com INT"]
[Date "2020.07.30"]
[Round "6.1"]
[White "Bade, Deniz"]
[Black "Petermann, Robin"]
[Result "0-1"]
[WhiteElo "1486"]
[BlackElo "1509"]
[PlyCount "20"]
[EventDate "2020.06.22"]
[EventType "team-tourn (rapid)"]
[EventCountry "GER"]
[SourceTitle "EXT 2021"]
[Source "ChessBase"]
[SourceDate "2020.10.23"]
[SourceVersion "1"]
[SourceVersionDate "2020.10.23"]
[SourceQuality "1"]
[WhiteTeam "Paderborn Akademie II"]
[BlackTeam "Werder Bremen III"]
[WhiteTeamCountry "GER"]
[BlackTeamCountry "GER"]

1. e4 e5 2. d4 exd4 3. Nf3 Nc6 4. Bc4 Nf6 5. e5 d5 6. Bb5 Ne4 7. Nxd4 Bd7 8. f3 Qh4+ 9. Ke2 Qf2+ 10. Kd3 Nxe5# 0-1

[Event "GER-chT U10"]
[Site "Magdeburg"]
[Date "2016.12.28"]
[Round "4.4"]
[White "Bade, Deniz"]
[Black "Bergmann, Lennart"]
[Result "1/2-1/2"]
[WhiteElo "600"]
[BlackElo "890"]
[PlyCount "47"]
[EventDate "2016.12.27"]
[EventType "team-swiss"]
[EventRounds "7"]
[EventCountry "GER"]
[SourceTitle "EXT 2018"]
[Source "ChessBase"]
[SourceDate "2017.10.13"]
[SourceVersion "1"]
[SourceVersionDate "2017.10.13"]
[SourceQuality "1"]
[WhiteTeam "Paderborn Akademie II"]
[BlackTeam "Offenbach"]
[WhiteTeamCountry "GER"]
[BlackTeamCountry "GER"]

1. d4 d5 2. Bf4 Nc6 3. Nf3 e6 4. e3 Bb4+ 5. c3 Bd6 6. Bxd6 Qxd6 7. Qd3 Nf6 8. Nbd2 0-0 9. g3 e5 10. dxe5 Nxe5 11. Nxe5 Qxe5 12. Bg2 Bf5 13. Qb5 b6 14. 0-0 g6 15. Qb3 b5 16. a4 bxa4 17. Qxa4 Bd7 18. Qc2 Bf5 19. Qa4 Be4 20. Nxe4 dxe4 21. Rad1 a5 22. Rfe1 Rfd8 23. Rc1 Rab8 24. Re2 1/2-1/2

[Event "GER-chT U10"]
[Site "Magdeburg"]
[Date "2016.12.28"]
[Round "5.4"]
[White "Hellwig, Konstantin Joshua"]
[Black "Bade, Deniz"]
[Result "1-0"]
[WhiteElo "908"]
[BlackElo "600"]
[PlyCount "38"]
[EventDate "2016.12.27"]
[EventType "team-swiss"]
[EventRounds "7"]
[EventCountry "GER"]
[SourceTitle "EXT 2018"]
[Source "ChessBase"]
[SourceDate "2017.10.13"]
[SourceVersion "1"]
[SourceVersionDate "2017.10.13"]
[SourceQuality "1"]
[WhiteTeam "Magdeburg Schachzwerge"]
[BlackTeam "Paderborn Akademie II"]
[WhiteTeamCountry "GER"]
[BlackTeamCountry "GER"]

1. e4 e6 2. d4 d5 3. exd5 exd5 4. Nf3 Bd6 5. Nc3 Nf6 6. Bg5 Bg4 7. Nxd5 c6 8. Nxf6+ gxf6 9. Qe2+ Kf8 10. Bh6+ Kg8 11. Qd3 Nd7 12. Qe4 Bh5 13. Qh4 Bg6 14. Qg4 Bf8 15. h4 f5 16. Qf4 Qa5+ 17. c3 Be7 18. h5 Bd8 19. Rd1 Qd5 1-0